Inter-Relations between the terrestrial atmosphere and cosmic radiation (Record no. 7705)

MARC details
000 -LEADER
fixed length control field 00600nam a2200181Ia 4500
003 - CONTROL NUMBER IDENTIFIER
control field IN-BaIIA
008 - FIXED-LENGTH DATA ELEMENTS--GENERAL INFORMATION
fixed length control field 211028s9999 xx 000 0 eng d
040 ## - CATALOGING SOURCE
Transcribing agency IIA Library
080 ## - UNIVERSAL DECIMAL CLASSIFICATION NUMBER
Universal Decimal Classification number 52-76
Item number BHA
100 ## - MAIN ENTRY--PERSONAL NAME
Personal name Bhattacharya, Prabhat K.
9 (RLIN) 13032
245 #0 - TITLE STATEMENT
Title Inter-Relations between the terrestrial atmosphere and cosmic radiation
Statement of responsibility, etc. Prabhat K. Bhattacharya
260 ## - PUBLICATION, DISTRIBUTION, ETC.
Place of publication, distribution, etc. Calcutta
Name of publisher, distributor, etc. Indian Physical Society
Date of publication, distribution, etc. 1952
300 ## - PHYSICAL DESCRIPTION
Extent iv, 50p.
500 ## - GENERAL NOTE
General note Donated by Mrs. Bappu
650 ## - SUBJECT ADDED ENTRY--TOPICAL TERM
Topical term or geographic name entry element Astronomy and Astrophysics Thesaurus
650 ## - SUBJECT ADDED ENTRY--TOPICAL TERM
Topical term or geographic name entry element Cosmic Rays
942 ## - ADDED ENTRY ELEMENTS (KOHA)
Koha item type Books
Holdings
Withdrawn status Lost status Damaged status Not for loan Home library Current library Shelving location Date acquired Total Checkouts Full call number Barcode Date last seen Price effective from Koha item type
        IIA Library-Bangalore IIA Library-Bangalore General Stacks 26/07/1983   52-76/ BHA 8519 05/11/2021 26/07/1983 Books

Powered by Koha